A Quiz About Buddhism - Statistics

General Stats
  • This quiz has been taken 246 times
    241 since last reset
  • The average score is 10 of 20
Answer Stats
Clue Answer % Correct
State of inner peace reached at the end of life Nirvāna
89%
Symbolic flower Lotus
88%
Spiritual Tibetan leader Dalai Lama
84%
The first Buddha Siddhārtha Gautama
82%
Tree under which he found enlightenement Bodhi tree
80%
Country with the highest percentage of Buddhists Cambodia
68%
Main branches of Buddhism Theravāda
62%
Main branches of Buddhism Mahāyāna
60%
Cycle of rebirths preceding the above Samsāra
50%
Doctrine that focuses on meditation Zen
42%
Cross-shaped symbol representing Buddha's spirit Swastika
41%
Three poisons Ignorance
36%
Literal meaning of "Buddha" The {Awakened}
33%
Tiered structure containing Buddhist relics Pagoda
32%
Three poisons Aversion
30%
The above, with a dome-shaped base Stupa
30%
Three poisons Desire
27%
Main virtue of Boddhisattvas Compassion
19%
World's largest Buddhist temple (hint: Java) Borobudur
12%
Four-headed Buddha temple in Angkor Bayon
4%
No matching quizzes found
Score Distribution
Percent of People with Each Score
Percentile by Number Answered
Your Score History
You have not taken this quiz since the last reset